000 01514nam a2200277Ia 4500
999 _c52996
_d52996
001 20027
003 GE_BSU
005 20250326101934.0
008 181216s2010||||ge |||||||||||||| ||geo||
020 _a978-9941-0-2531-0
040 _cGE_BSU
041 _ageo
080 _a821.353.1.09-1 ნ-16
100 _aნადირაძე, გიორგი (1902-1960)
_924677
245 _aნიკოლოზ ბარათაშვილის ცხოვრება და ესთეტიკური სამყარო /
_cგ. ნადირაძე ; [რედ. თარხუჯ ჯავახიშვილი] ; ქართ. ლიტერატურის ინ-ტი.
250 _aმე-2 გამოც.
264 _aთბილისი :
_bსაარი,
_c2010.
300 _a152 გვ. :
_bნახ. ;
_c20 სმ.
520 _aწიგნში გამოყენებულია ლადო გუდიაშვილის ნახატები
541 _h6 ლ.
653 _aნიკოლოზ ბარათაშვილის ცხოვრება და ესთეტიკური სამყარო
653 _aქართული პოეზიის ისტორია და კრიტიკა
700 _aჯავახიშვილი, თარხუჯ
_eრედაქტორი
_96766
710 _aქართ. ლიტერატურის ინ-ტი
_93979
942 _cBK
_2udc